[Event "Oberliga Wuerttemberg 2122"]
[Site "Wuerttemberg"]
[Date "2022.04.10"]
[Round "8.4"]
[White "Loehr, Markus"]
[Black "Gabriel, Robert A"]
[Result "0-1"]
[WhiteElo "2227"]
[BlackElo "2199"]
[PlyCount "98"]
[EventDate "2021.09.19"]
[EventType "team-tourn"]
[EventRounds "9"]
[EventCountry "GER"]
[SourceTitle "EXT 2023"]
[Source "ChessBase"]
[SourceDate "2022.10.05"]
[SourceVersion "1"]
[SourceVersionDate "2022.10.05"]
[SourceQuality "1"]
[WhiteTeam "Schmiden/Cannstatt"]
[BlackTeam "Stuttgart SF II"]
[WhiteTeamCountry "GER"]
[BlackTeamCountry "GER"]

1. d4 d5 2. Nf3 Nf6 3. c4 e6 4. g3 Bb4+ 5. Bd2 Be7 6. Bg2 0-0 7. 0-0 b6 8. cxd5 exd5 9. Nc3 Bb7 10. Qc2 Nbd7 11. Rad1 c5 12. Bf4 c4 13. Ne5 Rc8 14. Qa4 a6 15. Nxd7 Nxd7 16. Nxd5 b5 17. Qc2 Ba8 18. Nxe7+ Qxe7 19. Bxa8 Rxa8 20. e4 Rfe8 21. Rfe1 h6 22. Kg2 Rac8 23. e5 Nb6 24. d5 Qb7 25. Qe4 Na4 26. d6 Qxe4+ 27. Rxe4 Rcd8 28. Re2 Nc5 29. h4 f6 30. Rd5 Ne6 31. Kf1 Nxf4 32. gxf4 Kf7 33. Rc5 Rd7 34. Rc6 fxe5 35. fxe5 Ke6 36. Rxa6 Rf8 37. Rb6 Rf4 38. Rxb5 Rxh4 39. a4 Rh1+ 40. Kg2 Ra1 41. Rb4 Ra7 42. Rxc4 R1xa4 43. Rc8 Rg4+ 44. Kh3 h5 45. Re8+ Kf7 46. Rh8 Ke6 47. Rxh5 Rg1 48. f4 g6 49. Rg5 Rh7+ 0-1

[Event "GER-ch Net blitz sf"]
[Site "Playchess.com INT"]
[Date "2021.06.05"]
[Round "13"]
[White "Dahl, Christoph"]
[Black "Loehr, Markus"]
[Result "1-0"]
[WhiteElo "2238"]
[BlackElo "2003"]
[PlyCount "89"]
[EventDate "2021.06.05"]
[EventType "swiss (blitz)"]
[EventRounds "13"]
[EventCountry "GER"]
[SourceTitle "EXT 2023"]
[Source "ChessBase"]
[SourceDate "2022.10.05"]
[SourceVersion "1"]
[SourceVersionDate "2022.10.05"]
[SourceQuality "1"]

1. e4 d5 2. exd5 Qxd5 3. Nc3 Qd6 4. d4 Nf6 5. Nf3 c6 6. Ne5 Nbd7 7. Bf4 Nd5 8. Nxd5 Qxd5 9. Nxd7 Bxd7 10. c4 Qe4+ 11. Be3 e5 12. a3 0-0-0 13. Qf3 Qc2 14. Qe2 Qf5 15. g3 exd4 16. Bxd4 Bc5 17. 0-0-0 Rhe8 18. Qc2 Qxc2+ 19. Kxc2 Bf5+ 20. Kc3 Bxd4+ 21. Rxd4 Rxd4 22. Kxd4 Be4 23. Bh3+ Kc7 24. Re1 Rd8+ 25. Ke3 Bg6 26. Rc1 Rd3+ 27. Kf4 h6 28. Re1 Rd4+ 29. Kf3 Rxc4 30. Re7+ Kb6 31. Bc8 Be4+ 32. Rxe4 Rc2 33. Rb4+ Kc7 34. Bxb7 a5 35. Rb3 a4 36. Rb4 c5 37. Rb5 f5 38. Bd5 Kd6 39. Bg8 g5 40. Rb6+ Ke5 41. Rxh6 Rxb2 42. Ra6 Rc2 43. Rxa4 g4+ 44. Kg2 c4 45. Rxc4 1-0

[Event "GER-ch Net blitz sf"]
[Site "Playchess.com INT"]
[Date "2021.06.05"]
[Round "8"]
[White "Kopylov, Daniel"]
[Black "Loehr, Markus"]
[Result "1-0"]
[WhiteElo "2229"]
[BlackElo "2003"]
[PlyCount "91"]
[EventDate "2021.06.05"]
[EventType "swiss (blitz)"]
[EventRounds "13"]
[EventCountry "GER"]
[SourceTitle "EXT 2023"]
[Source "ChessBase"]
[SourceDate "2022.10.05"]
[SourceVersion "1"]
[SourceVersionDate "2022.10.05"]
[SourceQuality "1"]

1. e4 d5 2. exd5 Qxd5 3. Nc3 Qd6 4. d4 Nf6 5. Nf3 c6 6. g3 Bf5 7. Bg2 e6 8. 0-0 Be7 9. Nh4 Bg4 10. Qd3 Nbd7 11. Bf4 Qb4 12. a3 Qb6 13. h3 Bh5 14. Nf3 Bg6 15. Qd2 0-0 16. Ne5 Nxe5 17. Bxe5 Rfd8 18. Qe2 Rd7 19. Na4 Qb5 20. Qxb5 cxb5 21. Nc5 Bxc5 22. dxc5 Be4 23. Rfd1 Bxg2 24. Kxg2 Rad8 25. Rxd7 Rxd7 26. b4 Nd5 27. Rc1 f6 28. Bd6 a6 29. c4 bxc4 30. Rxc4 Ne7 31. g4 Kf7 32. a4 Nc6 33. b5 Na5 34. Rc3 Ke8 35. c6 bxc6 36. bxc6 Rd8 37. Bc7 Nxc6 38. Rxc6 Rc8 39. Rc3 Kd7 40. Ba5 Rxc3 41. Bxc3 Ke7 42. f4 g6 43. Kf3 h5 44. g5 fxg5 45. fxg5 Kd6 46. Ke4 1-0

[Event "GER-ch Net blitz sf"]
[Site "Playchess.com INT"]
[Date "2021.06.05"]
[Round "4"]
[White "Miller, Eduard"]
[Black "Loehr, Markus"]
[Result "1/2-1/2"]
[WhiteElo "2177"]
[BlackElo "2003"]
[PlyCount "112"]
[EventDate "2021.06.05"]
[EventType "swiss (blitz)"]
[EventRounds "13"]
[EventCountry "GER"]
[SourceTitle "EXT 2023"]
[Source "ChessBase"]
[SourceDate "2022.10.05"]
[SourceVersion "1"]
[SourceVersionDate "2022.10.05"]
[SourceQuality "1"]

1. e4 d5 2. exd5 Qxd5 3. Nf3 Nc6 4. d4 Bg4 5. Be2 e5 6. dxe5 Qxd1+ 7. Bxd1 0-0-0 8. 0-0 Bxf3 9. Bxf3 Nxe5 10. Be2 Bc5 11. Bf4 Ng6 12. Bg3 Nf6 13. Nc3 Rd2 14. Bd3 h5 15. h4 Bd4 16. Bf5+ Kb8 17. Nb1 Re2 18. Bd3 Re7 19. c3 Be5 20. Bxe5 Nxe5 21. Bc2 Ng6 22. Bxg6 fxg6 23. Na3 Rd8 24. Rad1 Kc8 25. Rxd8+ Kxd8 26. Rd1+ Kc8 27. Kf1 c6 28. Nc4 Kc7 29. Ne3 Re4 30. g3 Ng4 31. Nxg4 Rxg4 32. Kg2 g5 33. f3 Ra4 34. hxg5 Rxa2 35. Rd2 a5 36. f4 g6 37. Kf3 a4 38. Ke3 a3 39. bxa3 Rxa3 40. Kd4 Kd6 41. Kc4+ Ke6 42. Rd8 b5+ 43. Kd4 c5+ 44. Kxc5 Rxc3+ 45. Kxb5 Rxg3 46. Rf8 h4 47. Rf6+ Ke7 48. Rxg6 h3 49. Rh6 Rf3 50. Rh4 h2 51. Kc5 Rxf4 52. Rxh2 Rg4 53. Rh5 Kf7 54. Kd5 Kg6 55. Rh8 Rxg5+ 56. Ke6 Ra5 1/2-1/2

[Event "GER Cup Net Final-A U2400"]
[Site "Playchess.com INT"]
[Date "2020.06.06"]
[Round "6"]
[White "Loehr, Markus"]
[Black "De Reuter, Uwe"]
[Result "1-0"]
[WhiteElo "2078"]
[BlackElo "1947"]
[PlyCount "63"]
[EventDate "2020.06.06"]
[EventType "swiss (blitz)"]
[EventRounds "13"]
[EventCountry "GER"]
[SourceTitle "CBM 197 Extra"]
[Source "ChessBase"]
[SourceDate "2020.09.30"]
[SourceVersion "1"]
[SourceVersionDate "2020.09.30"]
[SourceQuality "1"]

1. d4 d5 2. Nf3 c5 3. c4 dxc4 4. e3 e6 5. Bxc4 Nf6 6. 0-0 a6 7. b3 b5 8. Be2 Bb7 9. Bb2 Nbd7 10. a4 b4 11. Nbd2 Be7 12. Nc4 0-0 13. Rc1 cxd4 14. Nxd4 Nb6 15. Na5 Bd5 16. Ndc6 Qe8 17. Bd4 Nbd7 18. Nxe7+ Qxe7 19. f3 e5 20. Bb2 e4 21. f4 Qd8 22. Nc4 Bxc4 23. Rxc4 a5 24. g4 h6 25. Kh1 Rc8 26. g5 Rxc4 27. Bxc4 hxg5 28. fxg5 Nh7 29. g6 Nhf6 30. gxf7+ Rxf7 31. Bxf6 gxf6 32. Qh5 1-0

[Event "GER Cup Net Final-A U2400"]
[Site "Playchess.com INT"]
[Date "2020.06.06"]
[Round "13"]
[White "Loehr, Markus"]
[Black "Junge, Kai"]
[Result "0-1"]
[WhiteElo "2078"]
[BlackElo "2044"]
[PlyCount "74"]
[EventDate "2020.06.06"]
[EventType "swiss (blitz)"]
[EventRounds "13"]
[EventCountry "GER"]
[SourceTitle "CBM 197 Extra"]
[Source "ChessBase"]
[SourceDate "2020.09.30"]
[SourceVersion "1"]
[SourceVersionDate "2020.09.30"]
[SourceQuality "1"]

1. d4 g6 2. c4 Nf6 3. Nc3 Bg7 4. e4 d6 5. Nf3 0-0 6. Be2 e5 7. d5 Nbd7 8. Bg5 a5 9. Nd2 Nc5 10. 0-0 Bd7 11. b3 h6 12. Be3 b6 13. a3 Be8 14. Qc2 Nh7 15. b4 Nb7 16. Nb3 f5 17. f3 Qe7 18. Qd2 Ng5 19. Rfc1 Bd7 20. bxa5 Nxa5 21. Nxa5 Rxa5 22. Nb5 Bxb5 23. Bxg5 hxg5 24. cxb5 fxe4 25. fxe4 Rf4 26. Bg4 Rxg4 27. g3 Rxe4 28. Rf1 Rea4 29. Qd3 e4 30. Qc2 Bxa1 31. Rxa1 Rxa3 32. Re1 Ra2 33. Qb3 R5a4 34. Qe3 Qe5 35. Rc1 Ra1 36. Kg2 Rxc1 37. Qxc1 Ra2+ 0-1

[Event "GER Cup Net Final-A U2400"]
[Site "Playchess.com INT"]
[Date "2020.06.06"]
[Round "7"]
[White "Loehr, Markus"]
[Black "Koellner, Ruben Gideon"]
[Result "0-1"]
[WhiteElo "2078"]
[BlackElo "2044"]
[PlyCount "66"]
[EventDate "2020.06.06"]
[EventType "swiss (blitz)"]
[EventRounds "13"]
[EventCountry "GER"]
[SourceTitle "CBM 197 Extra"]
[Source "ChessBase"]
[SourceDate "2020.09.30"]
[SourceVersion "1"]
[SourceVersionDate "2020.09.30"]
[SourceQuality "1"]

1. d4 d6 2. Nf3 Nf6 3. c4 g6 4. Nc3 Bf5 5. Nh4 Bd7 6. e4 c5 7. d5 e5 8. Be2 Nxe4 9. Nxe4 Qxh4 10. Bf3 h6 11. Qb3 Bc8 12. 0-0 f5 13. Nc3 Bg7 14. Nb5 Qe7 15. Re1 0-0 16. g3 a6 17. Nc3 Nd7 18. Bd2 Nf6 19. Na4 Nd7 20. Bg2 Rb8 21. f4 b5 22. cxb5 axb5 23. Nc3 b4 24. Ne2 e4 25. Be3 Ba6 26. Qa4 Bb5 27. Qc2 Bd3 28. Qd2 Nf6 29. Nc1 Bc4 30. h3 Nxd5 31. Nb3 Bxb3 32. axb3 Nxe3 33. Rxe3 Bd4 0-1

[Event "GER Cup Net Final-A U2400"]
[Site "Playchess.com INT"]
[Date "2020.06.06"]
[Round "5"]
[White "Roelle, Philipp"]
[Black "Loehr, Markus"]
[Result "1-0"]
[WhiteElo "1986"]
[BlackElo "2078"]
[PlyCount "81"]
[EventDate "2020.06.06"]
[EventType "swiss (blitz)"]
[EventRounds "13"]
[EventCountry "GER"]
[SourceTitle "CBM 197 Extra"]
[Source "ChessBase"]
[SourceDate "2020.09.30"]
[SourceVersion "1"]
[SourceVersionDate "2020.09.30"]
[SourceQuality "1"]

1. e4 c6 2. d4 d5 3. e5 c5 4. dxc5 e6 5. Bd3 Bxc5 6. Qg4 Ne7 7. Qxg7 Rg8 8. Qxh7 Rxg2 9. Nh3 Nbc6 10. Nc3 Nxe5 11. Qh8+ Ng8 12. Qxe5 Qh4 13. Qf4 Bxf2+ 14. Nxf2 Qh5 15. Be3 Bd7 16. Kd2 0-0-0 17. Rag1 Rxg1 18. Rxg1 Ne7 19. Bxa7 Nc6 20. Bb6 e5 21. Qa4 Qh6+ 22. Kd1 Qxh2 23. Rf1 Rg8 24. Qa8+ Nb8 25. Ba7 Kc7 26. Nxd5+ Kd6 27. Qxb7 Rg1 28. Bxb8+ Ke6 29. Ke2 Qh5+ 30. Kd2 Qg5+ 31. Kc3 Qh4 32. Nc7+ Ke7 33. Rxg1 Qd4+ 34. Kb3 Qa4+ 35. Kc3 Qd4+ 36. Kd2 Qxf2+ 37. Be2 Qxg1 38. Qb4+ Kf6 39. Nd5+ Kg7 40. Bxe5+ f6 41. Qe7+ 1-0

[Event "GER-ch Net Amateur Gr-A Vor3"]
[Site "Playchess.com INT"]
[Date "2020.04.16"]
[Round "1"]
[White "Von Herman, Brigitte"]
[Black "Loehr, Markus"]
[Result "0-1"]
[WhiteElo "1633"]
[BlackElo "1996"]
[PlyCount "112"]
[EventDate "2020.04.16"]
[EventType "swiss (blitz)"]
[EventRounds "9"]
[EventCountry "GER"]
[SourceTitle "CBM 195 Extra"]
[Source "ChessBase"]
[SourceDate "2020.05.31"]
[SourceVersion "1"]
[SourceVersionDate "2020.05.31"]
[SourceQuality "1"]

1. e4 c6 2. d4 d5 3. exd5 cxd5 4. Bd3 Nc6 5. c3 Qc7 6. h3 Nf6 7. Nf3 g6 8. 0-0 Bf5 9. Re1 Bxd3 10. Qxd3 Bg7 11. Bg5 0-0 12. Nbd2 Rfe8 13. Ne5 Nxe5 14. dxe5 Nd7 15. e6 fxe6 16. Rxe6 Nc5 17. Qxd5 Nxe6 18. Qxe6+ Kh8 19. Re1 Rad8 20. Nf3 Qc6 21. Qe3 Qb6 22. Qe2 Rd5 23. Be3 Qa5 24. Qc4 Qb5 25. Qe2 Qxe2 26. Rxe2 Rd1+ 27. Kh2 a6 28. Nd4 Kg8 29. a3 Kf7 30. Kg3 e5 31. Nb3 Red8 32. Kf3 b5 33. Nc5 R8d6 34. Ne4 Rc6 35. Ng5+ Kg8 36. h4 h6 37. Ne4 Kh7 38. Rd2 Rxd2 39. Nxd2 Bf8 40. Ne4 Kg7 41. g4 Be7 42. g5 h5 43. Ke2 a5 44. Kd3 Kf7 45. Ba7 Ke6 46. Be3 Kf5 47. f3 Ke6 48. f4 Kf5 49. fxe5 Kxe5 50. Nd2 Kf5 51. Nf3 Rd6+ 52. Ke2 Rd5 53. Nd4+ Kg4 54. Nf3 Bc5 55. Bd2 Rf5 56. Ne5+ Rxe5+ 0-1

[Event "GER-ch Net Amateur Gr-A Vor1"]
[Site "Playchess.com INT"]
[Date "2020.04.14"]
[Round "8"]
[White "Frohnhaeuser, Simon"]
[Black "Loehr, Markus"]
[Result "1-0"]
[WhiteElo "1752"]
[BlackElo "1978"]
[PlyCount "93"]
[EventDate "2020.04.14"]
[EventType "swiss (blitz)"]
[EventRounds "9"]
[EventCountry "GER"]
[SourceTitle "EXT 2021"]
[Source "ChessBase"]
[SourceDate "2020.10.23"]
[SourceVersion "1"]
[SourceVersionDate "2020.10.23"]
[SourceQuality "1"]

1. e4 c6 2. Nc3 d5 3. Nf3 Bg4 4. h3 Bxf3 5. Qxf3 e6 6. d3 Nd7 7. g3 Ngf6 8. Bg2 Bb4 9. Bd2 d4 10. Nb1 Qb6 11. 0-0 Bxd2 12. Nxd2 Ne5 13. Qe2 g5 14. f4 gxf4 15. gxf4 Ng6 16. Nc4 Qc7 17. e5 Nd5 18. Nd6+ Ke7 19. f5 Nxe5 20. Qxe5 Qxd6 21. Qxd4 c5 22. Qh4+ Kd7 23. fxe6+ fxe6 24. Rf7+ Ne7 25. Qe4 Qd4+ 26. Kh2 Qxe4 27. Bxe4 Raf8 28. Raf1 Rxf7 29. Rxf7 Ke8 30. Rf6 Rg8 31. Rxe6 Kd7 32. Rh6 Rg7 33. Rxh7 Rxh7 34. Bxh7 Nd5 35. Be4 Ne3 36. h4 b5 37. h5 Ke7 38. Kg3 Nxc2 39. h6 Kf6 40. h7 Kg7 41. Kf4 a5 42. Ke5 a4 43. Kd5 Nb4+ 44. Kxc5 Nxa2 45. Kxb5 Nc3+ 46. bxc3 a3 47. Bd5 1-0

[Event "GER-ch Net Amateur Gr-A Vor1"]
[Site "Playchess.com INT"]
[Date "2020.04.14"]
[Round "2"]
[White "Loehr, Markus"]
[Black "Fromm, Marius"]
[Result "0-1"]
[WhiteElo "2011"]
[BlackElo "1620"]
[PlyCount "80"]
[EventDate "2020.04.14"]
[EventType "swiss (blitz)"]
[EventRounds "9"]
[EventCountry "GER"]
[SourceTitle "EXT 2021"]
[Source "ChessBase"]
[SourceDate "2020.10.23"]
[SourceVersion "1"]
[SourceVersionDate "2020.10.23"]
[SourceQuality "1"]

1. d4 Nf6 2. c4 c6 3. Nf3 d5 4. Nc3 dxc4 5. a4 Bf5 6. e3 e6 7. Bxc4 Bb4 8. 0-0 Nbd7 9. Qe2 Bg6 10. e4 0-0 11. Bd3 Bh5 12. e5 Nd5 13. Nxd5 cxd5 14. Qe3 Bg6 15. Bxg6 fxg6 16. Ng5 Re8 17. Qh3 Nf8 18. Rd1 Rc8 19. Bd2 Bxd2 20. Rxd2 h6 21. Nf3 Qa5 22. Rd3 Rc2 23. Rb3 Qc7 24. Ne1 Rc4 25. Nd3 Rxd4 26. Qe3 Rc4 27. Qxa7 Rb8 28. h3 Nd7 29. a5 Qc8 30. Qe3 Kh7 31. Nf4 Nf8 32. Qg3 Ra8 33. h4 Ra6 34. Rc3 Rxc3 35. bxc3 Rc6 36. Ra3 Rc4 37. Qd3 Rxf4 38. h5 Rc4 39. a6 bxa6 40. Rxa6 Qxa6 0-1

[Event "GER-ch Net Amateur Gr-A Vor1"]
[Site "Playchess.com INT"]
[Date "2020.04.14"]
[Round "6"]
[White "Loehr, Markus"]
[Black "Haack, Kevin"]
[Result "1-0"]
[WhiteElo "1985"]
[BlackElo "1651"]
[PlyCount "83"]
[EventDate "2020.04.14"]
[EventType "swiss (blitz)"]
[EventRounds "9"]
[EventCountry "GER"]
[SourceTitle "EXT 2021"]
[Source "ChessBase"]
[SourceDate "2020.10.23"]
[SourceVersion "1"]
[SourceVersionDate "2020.10.23"]
[SourceQuality "1"]

1. d4 d5 2. Nf3 Nf6 3. c4 e6 4. g3 Be7 5. Bg2 0-0 6. 0-0 c6 7. Qc2 b6 8. Rd1 Bb7 9. Nc3 Nbd7 10. e4 dxe4 11. Nxe4 Nxe4 12. Qxe4 Nf6 13. Qc2 Qc7 14. Bf4 Bd6 15. Bxd6 Qxd6 16. c5 Qe7 17. Ne5 Rac8 18. b4 Nd5 19. Rab1 Ba6 20. Rb3 f6 21. Nf3 Rfd8 22. a3 Kh8 23. Rbb1 Rc7 24. Re1 Bc8 25. Rbd1 Bd7 26. h4 Be8 27. Nd2 Bg6 28. Qb2 bxc5 29. bxc5 Rb7 30. Qc1 Qd7 31. Nc4 Rb1 32. Qd2 Rxd1 33. Rxd1 Ne7 34. Qa5 Nf5 35. Qa4 Nxd4 36. Nd6 e5 37. Qa5 Bf7 38. Nxf7+ Kg8 39. Qxd8+ Qxd8 40. Nxd8 Kf8 41. Nxc6 Nxc6 42. Bxc6 1-0

[Event "GER-ch Net Amateur Gr-A Vor1"]
[Site "Playchess.com INT"]
[Date "2020.04.14"]
[Round "7"]
[White "Wichmann, Cliff"]
[Black "Loehr, Markus"]
[Result "1-0"]
[WhiteElo "2103"]
[BlackElo "1990"]
[PlyCount "61"]
[EventDate "2020.04.14"]
[EventType "swiss (blitz)"]
[EventRounds "9"]
[EventCountry "GER"]
[SourceTitle "EXT 2021"]
[Source "ChessBase"]
[SourceDate "2020.10.23"]
[SourceVersion "1"]
[SourceVersionDate "2020.10.23"]
[SourceQuality "1"]

1. d4 Nf6 2. Nf3 g6 3. c4 Bg7 4. Nc3 d5 5. cxd5 Nxd5 6. e4 Nxc3 7. bxc3 c5 8. Rb1 0-0 9. Be2 b6 10. 0-0 Qc7 11. d5 Bxc3 12. Bh6 Bg7 13. Qd2 Nd7 14. Qg5 Re8 15. Bb5 Bf6 16. Qe3 a6 17. Bc6 Rb8 18. e5 Bh8 19. e6 Nf6 20. exf7+ Kxf7 21. Bf4 Qa7 22. Bxe8+ Nxe8 23. Bxb8 Qxb8 24. Qxc5 b5 25. Rfe1 Bf6 26. a4 Nd6 27. axb5 axb5 28. Ne5+ Kg7 29. Rbc1 Bf5 30. Nc6 Qf8 31. Nd4 1-0

[Event "GER-ch Net blitz qual3"]
[Site "Playchess.com INT"]
[Date "2020.03.21"]
[Round "7"]
[White "Loehr, Markus"]
[Black "Dahl, Christoph"]
[Result "0-1"]
[WhiteElo "2194"]
[BlackElo "2228"]
[PlyCount "64"]
[EventDate "2020.03.21"]
[EventType "swiss (blitz)"]
[EventRounds "9"]
[EventCountry "GER"]
[SourceTitle "CBM 195 Extra"]
[Source "ChessBase"]
[SourceDate "2020.05.31"]
[SourceVersion "1"]
[SourceVersionDate "2020.05.31"]
[SourceQuality "1"]

1. d4 Nf6 2. c4 g6 3. Nc3 Bg7 4. e4 d6 5. Nf3 0-0 6. Be2 e5 7. d5 a5 8. Bg5 Na6 9. Nd2 Nc5 10. 0-0 Qe8 11. b3 Nfxe4 12. Ndxe4 Nxe4 13. Nxe4 f5 14. Nc3 f4 15. f3 e4 16. Rc1 exf3 17. Bxf3 Qe3+ 18. Kh1 Bxc3 19. Bg4 Bxg4 20. Qxg4 Bd2 21. Rcd1 Rae8 22. h4 h5 23. Qd7 Rf7 24. Qb5 Bb4 25. a3 Bc3 26. Bxf4 Rxf4 27. Rxf4 c6 28. dxc6 Qxf4 29. c7 Qxh4+ 30. Kg1 Re1+ 31. Rxe1 Bd4+ 32. Kf1 Qf2# 0-1

[Event "GER-ch Net blitz qual3"]
[Site "Playchess.com INT"]
[Date "2020.03.21"]
[Round "1"]
[White "Loehr, Markus"]
[Black "Hoke, Adrian Neo"]
[Result "1-0"]
[WhiteElo "2194"]
[BlackElo "1575"]
[PlyCount "125"]
[EventDate "2020.03.21"]
[EventType "swiss (blitz)"]
[EventRounds "9"]
[EventCountry "GER"]
[SourceTitle "CBM 195 Extra"]
[Source "ChessBase"]
[SourceDate "2020.05.31"]
[SourceVersion "1"]
[SourceVersionDate "2020.05.31"]
[SourceQuality "1"]

1. d4 d5 2. Nf3 Nf6 3. c4 e6 4. g3 Be7 5. Bg2 dxc4 6. 0-0 0-0 7. Qc2 Nbd7 8. Qxc4 c6 9. Nc3 Qc7 10. Bf4 Bd6 11. Nb5 cxb5 12. Qxc7 Bxc7 13. Bxc7 Nd5 14. Bd6 Rd8 15. e4 N5f6 16. e5 Nd5 17. Nd2 N7b6 18. Rac1 Bd7 19. Ne4 Rac8 20. Nc5 Bc6 21. f4 h6 22. Rf2 a6 23. g4 Ne3 24. Bxc6 bxc6 25. h3 a5 26. Nb7 Rd7 27. Nxa5 Nbc4 28. Nxc4 Nxc4 29. Bc5 Ra8 30. b3 Ne3 31. Bd6 Rc8 32. Re2 Nd5 33. Rec2 Nxf4 34. Kh2 Nd3 35. Rxc6 Rxc6 36. Rxc6 Rb7 37. Rc8+ Kh7 38. Kg3 Kg6 39. Kf3 Ne1+ 40. Kf2 Nd3+ 41. Ke3 Ne1 42. Rc3 Ng2+ 43. Kf3 Nh4+ 44. Kg3 Kg5 45. Rc7 Rxc7 46. Bxc7 Ng6 47. Bd8+ f6 48. a4 bxa4 49. bxa4 Nf8 50. a5 Nd7 51. a6 Kg6 52. a7 fxe5 53. a8Q exd4 54. Qe4+ Kf7 55. Qxd4 Nf6 56. Bxf6 gxf6 57. h4 e5 58. Qd5+ Kg6 59. h5+ Kg7 60. Qd7+ Kf8 61. Kf3 Kg8 62. Ke4 Kf8 63. Kf5 1-0

[Event "GER-ch Net blitz qual3"]
[Site "Playchess.com INT"]
[Date "2020.03.21"]
[Round "5"]
[White "Melde, Volker"]
[Black "Loehr, Markus"]
[Result "0-1"]
[WhiteElo "1880"]
[BlackElo "2194"]
[PlyCount "128"]
[EventDate "2020.03.21"]
[EventType "swiss (blitz)"]
[EventRounds "9"]
[EventCountry "GER"]
[SourceTitle "CBM 195 Extra"]
[Source "ChessBase"]
[SourceDate "2020.05.31"]
[SourceVersion "1"]
[SourceVersionDate "2020.05.31"]
[SourceQuality "1"]

1. d4 Nf6 2. Nf3 g6 3. Bf4 Bg7 4. c3 0-0 5. e3 d6 6. h3 b6 7. Nbd2 Bb7 8. Bd3 Nbd7 9. Bh2 Qe8 10. 0-0 e5 11. dxe5 dxe5 12. Bb5 a6 13. Be2 Qe7 14. Qc2 e4 15. Nd4 c5 16. N4b3 Ne5 17. Rad1 Rfd8 18. Bxe5 Qxe5 19. Nc4 Qe6 20. Rxd8+ Rxd8 21. Rd1 Rxd1+ 22. Qxd1 Nd5 23. Qc2 h5 24. Bf1 Bf6 25. Ncd2 Ne7 26. Nc1 Nf5 27. Ne2 Be7 28. Nf4 Qe5 29. Bc4 Kg7 30. Qb3 Qd6 31. Bd5 Bc8 32. Nc4 Qf6 33. Qxb6 Bd7 34. Bxe4 Nd6 35. Nxd6 Bxd6 36. Nd5 Qe5 37. Bf3 Qh2+ 38. Kf1 Bb5+ 39. Ke1 Qg1+ 40. Kd2 Qxf2+ 41. Kc1 Qe1+ 42. Kc2 Qf2+ 43. Kc1 Bd3 44. Qb3 c4 45. Qd1 Bc5 46. Qd2 Qg1+ 47. Qd1 Qf2 48. Qd2 Qg3 49. Qd1 Qe5 50. e4 a5 51. Qd2 a4 52. b3 axb3 53. axb3 Ba3+ 54. Kd1 Qh2 55. Qe1 Qb8 56. bxc4 Qb1+ 57. Kd2 Qc2+ 58. Ke3 Bc5+ 59. Kf4 Qa4 60. e5 Qd7 61. Qd2 Qf5+ 62. Kg3 Qxe5+ 63. Qf4 Bf2+ 64. Kh2 Qe1 0-1

[Event "Oberliga Wuerttemberg 1819"]
[Site "Wuerttemberg"]
[Date "2019.04.07"]
[Round "9.7"]
[White "Loehr, Markus"]
[Black "Pohl, Walter"]
[Result "1/2-1/2"]
[WhiteElo "2179"]
[BlackElo "2134"]
[PlyCount "55"]
[EventDate "2018.09.23"]
[EventType "team-tourn"]
[EventRounds "9"]
[EventCountry "GER"]
[SourceTitle "EXT 2020"]
[Source "ChessBase"]
[SourceDate "2019.10.17"]
[SourceVersion "1"]
[SourceVersionDate "2019.10.17"]
[SourceQuality "1"]
[WhiteTeam "Schmiden Cannstatt"]
[BlackTeam "Schwaebisch Gmuend"]
[WhiteTeamCountry "GER"]
[BlackTeamCountry "GER"]

1. d4 Nf6 2. c4 g6 3. Nc3 Bg7 4. e4 0-0 5. Nf3 c6 6. Be2 d5 7. e5 Ne4 8. 0-0 Nxc3 9. bxc3 dxc4 10. Bxc4 c5 11. Be3 cxd4 12. cxd4 Nc6 13. Qd2 Na5 14. Be2 Be6 15. Rac1 Bd5 16. Ng5 Nc6 17. Nh3 e6 18. Nf4 Ne7 19. Nxd5 Nxd5 20. Bg5 f6 21. exf6 Bxf6 22. Bh6 Bg7 23. Bxg7 Kxg7 24. Bg4 Qd6 25. g3 Rae8 26. f4 h5 27. Bf3 h4 28. Kg2 1/2-1/2

[Event "Oberliga Wuerttemberg 1819"]
[Site "Wuerttemberg"]
[Date "2019.02.03"]
[Round "6"]
[White "Jelica, Mara"]
[Black "Loehr, Markus"]
[Result "1/2-1/2"]
[WhiteElo "2164"]
[BlackElo "2179"]
[PlyCount "27"]
[EventDate "2018.09.23"]
[EventType "team-tourn"]
[EventRounds "9"]
[EventCountry "GER"]
[SourceTitle "EXT 2020"]
[Source "ChessBase"]
[SourceDate "2019.10.17"]
[SourceVersion "1"]
[SourceVersionDate "2019.10.17"]
[SourceQuality "1"]
[WhiteTeam "Deizisau II"]
[BlackTeam "Schmiden Cannstatt"]
[WhiteTeamCountry "GER"]
[BlackTeamCountry "GER"]

1. e4 c6 2. d4 d5 3. Nd2 dxe4 4. Nxe4 Bf5 5. Ng3 Bg6 6. h4 h6 7. h5 Bh7 8. Nf3 e6 9. Bd3 Bxd3 10. Qxd3 Nf6 11. Bd2 c5 12. 0-0-0 Nc6 13. Qb5 Qb6 14. Qa4 1/2-1/2